It looks like you're offline.
Open Library logo
additional options menu

MARC record from Internet Archive

LEADER: 00796cam a2200265 4500
001 70172068
003 DLC
005 20111220081937.0
008 720615s1972 gw a b 001 0 eng
010 $a 70172068
015 $aGDB***
020 $a0387055614 (New York)
040 $aDLC$cDLC$dDLC
050 00 $aQP306$b.F57 1972
082 00 $a612/.78
100 1 $aFlanagan, James L.$q(James Loton),$d1925-
245 10 $aSpeech analysis; synthesis and perception,$cby James L. Flanagan.
250 $a2nd ed.
260 $aBerlin,$aNew York,$bSpringer-Verlag,$c1972.
300 $ax, 444 p.$billus.$c24 cm.
350 $aDM86.00
490 0 $aKommunikation und Kybernetik in Einzeldarstellungen, 3
504 $aBibliography: p. 406-426.
650 0 $aSpeech.
650 0 $aSpeech processing systems.